Sports Quiz

Random Sports Quiz

NL players receiving MVP votes in 1990s Quiz Stats

 Plays Quiz not verified by Sporcle

Also try: Big 4 Sports Pairs
Challenge
Share
Tweet
Embed
Score 0/122 Timer 15:00
0 Plays Today
Voting points Player % Correct
1755Barry Bonds
99.8%
973Jeff Bagwell
98.4%
719Chipper Jones
98.4%
8Doug Jones
98.1%
427Craig Biggio
96.1%
623Larry Walker
95.5%
623Sammy Sosa
93.8%
1008Mike Piazza
93.4%
429Greg Maddux
93.1%
23Randy Johnson
91.7%
112Howard Johnson
91.5%
7Lance Johnson
91.4%
22Charles Johnson
91.4%
37Tom Glavine
90.3%
33John Smoltz
89.7%
748Matt Williams
88.2%
413Barry Larkin
86.9%
314Tony Gwynn
86%
393Mark McGwire
85.7%
278Dante Bichette
83.5%
435Andres Galarraga
82.1%
316Gary Sheffield
81.8%
89Lee Smith
80%
2Ozzie Smith
80%
403Bobby Bonilla
79.4%
6Pedro Martinez
77.6%
9Ramon Martinez
77.5%
138Jeff Kent
77.5%
1Dave Martinez
77.5%
392Ken Caminiti
77.3%
398Fred McGriff
76.7%
12Luis Gonzalez
76.3%
506Terry Pendleton
75.9%
196David Justice
73.8%
165Ryne Sandberg
72.5%
59Vladimir Guerrero
70.2%
2Pedro Guerrero
70.1%
9Curt Schilling
69.5%
146Andy Van Slyke
68.5%
308Lenny Dykstra
68.4%
55Vinny Castilla
68.4%
Voting points Player % Correct
243Darryl Strawberry
68.1%
459Moises Alou
66.7%
10Kevin Brown
65.1%
46Jay Bell
64.8%
12Derek Bell
64.7%
327Ron Gant
64.1%
306Greg Vaughn
62.6%
120Trevor Hoffman
61.5%
179Darren Daulton
60.6%
19John Kruk
60.5%
118Will Clark
60.1%
12Eric Davis
59.4%
11Andre Dawson
59.3%
1Javy Lopez
57.1%
59Doug Drabek
56.5%
28Mark Grace
56.4%
106Kevin Mitchell
55.5%
145Eric Karros
55.3%
165Marquis Grissom
53.3%
186Ellis Burks
52.3%
10Dwight Gooden
52.1%
7Joe Carter
52%
120Reggie Sanders
50.1%
11Chris Sabo
48.7%
8Raul Mondesi
48.1%
9Henry Rodriguez
47.9%
11Brian Giles
47.1%
3John Franco
47%
3Scott Rolen
46.8%
5Jeff Conine
46.1%
8Jose Rijo
45.8%
11Ray Lankford
44.5%
13Jeff Blauser
44.2%
10Mike Hampton
43.7%
113Robin Ventura
43%
1Kenny Lofton
43%
38John Olerud
42.4%
38Steve Finley
42.2%
9Randy Myers
42%
98Edgardo Alfonzo
41.2%
80Brian Jordan
41.1%
Voting points Player % Correct
18Hal Morris
40.5%
5Kevin Young
39.3%
7Todd Hundley
38.8%
6Delino DeShields
37.6%
123Eddie Murray
36.5%
3Benito Santiago
35.8%
30Rod Beck
35.6%
19Billy Wagner
35.5%
11Robby Thompson
34.9%
6Paul O'Neill
34.6%
36Tim Wallach
34.5%
13Bernard Gilkey
32.4%
33Gregg Jefferies
31.1%
4Jeromy Burnitz
30.8%
22Ken Hill
29.9%
6Bobby Abreu
29.7%
3Dave Hollins
29.6%
2Bret Boone
29.5%
23Sean Casey
29.1%
1Mickey Morandini
28.8%
108Brett Butler
28.7%
2Kevin Millwood
28.4%
5John Smiley
28.2%
1John Burkett
26.8%
3Darryl Kile
26.7%
64Bip Roberts
26.4%
1Bret Saberhagen
25.5%
1Andy Benes
23.8%
2John Wetteland
23.3%
4Charlie Hayes
22.5%
1J.T. Snow
22.3%
14Bryan Harvey
18.3%
3Todd Worrell
18.1%
2Pete Schourek
17.9%
2Tony Womack
17.6%
3Matt Mantei
17.4%
1Kal Daniels
16.6%
15Carl Everett
16.2%
4Dave Magadan
14.4%
1Tom Henke
11.2%

You're not logged in!

Compare scores with friends on all Sporcle quizzes.
OR
Log In

You Might Also Like...

Show Comments

Extras

Top Quizzes Today


Score Distribution

Your Account Isn't Verified!

In order to create a playlist on Sporcle, you need to verify the email address you used during registration. Go to your Sporcle Settings to finish the process.

Report this User

Report this user for behavior that violates our Community Guidelines.

Details: